[Event "Madrid ch veteranos 2008-2009"]
[Site "Madrid ESP"]
[Date "2009.02.13"]
[Round "5.10"]
[White "Beekhof Harmsen, Willen"]
[Black "Gonzalo Gonzalez, Francisco"]
[Result "1/2-1/2"]
[WhiteElo "1942"]
[BlackElo "1853"]
[PlyCount "92"]
[EventDate "2009.02.09"]
[EventType "swiss"]
[EventRounds "9"]
[EventCountry "ESP"]
[Source "lmi"]
[SourceDate "2009.02.09"]

1. d4 e5 2. dxe5 Nc6 3. Nf3 Qe7 4. Nc3 Nxe5 5. e4 c6 6. Be2 Nf6 7. O-O h6 8.
Bf4 Nxf3+ 9. Bxf3 d6 10. Re1 Be6 11. a4 O-O-O 12. a5 g5 13. Be3 g4 14. Be2 Kb8
15. a6 b6 16. Qd4 Bg7 17. Qb4 c5 18. Qb5 Bd7 19. Qd3 Bc6 20. Nd5 Qxe4 21. Qxe4
Nxe4 22. c4 f5 23. f3 Nf6 24. Nxf6 Bxf6 25. fxg4 fxg4 26. Rab1 h5 27. b4 Bc3
28. Red1 Rhe8 29. Bg5 Rxe2 30. Bxd8 Bd4+ 31. Kf1 Rxg2 32. Rxd4 cxd4 33. Rd1 Kc8
34. Bg5 Rxh2 35. Rxd4 Kd7 36. Bf4 Rh1+ 37. Kf2 d5 38. b5 Ba8 39. Bb8 Rc1 40.
Bxa7 Rxc4 41. Rxc4 dxc4 42. Bxb6 c3 43. Kg3 c2 44. Be3 Kc7 45. Kh4 c1=Q 46.
Bxc1 Kb6 1/2-1/2

[Event "Madrid ch veteranos 2008-2009"]
[Site "Madrid ESP"]
[Date "2009.02.13"]
[Round "5.11"]
[White "Corredor Gonzalez, Angel L"]
[Black "Alvarez Escudero, Manuel"]
[Result "1-0"]
[WhiteElo "1800"]
[BlackElo "1935"]
[PlyCount "95"]
[EventDate "2009.02.09"]
[EventType "swiss"]
[EventRounds "9"]
[EventCountry "ESP"]
[Source "lmi"]
[SourceDate "2009.02.09"]

1. e4 e5 2. Nf3 d6 3. d4 exd4 4. Nxd4 Nf6 5. Nc3 Be7 6. Bc4 O-O 7. O-O a6 8. a3
Bd7 9. h3 Nc6 10. Nde2 Ne5 11. Bb3 Be6 12. Bxe6 fxe6 13. f4 Nc6 14. Ng3 e5 15.
Be3 exf4 16. Rxf4 Ne5 17. Qe2 Qd7 18. Raf1 Rae8 19. Bd4 Ng6 20. R4f2 Qc6 21.
Nf5 Bd8 22. Nxg7 Kxg7 23. Qg4 Qc4 24. Qd7+ Qf7 25. Qf5 Ne5 26. Nd5 Nxd5 27.
Qxf7+ Rxf7 28. Rxf7+ Kg8 29. Bxe5 dxe5 30. exd5 e4 31. Rd7 c6 32. dxc6 bxc6 33.
Rff7 Bb6+ 34. Kf1 Bd4 35. c3 Be5 36. Rde7 Rb8 37. Rb7 e3 38. Ke2 Bf4 39. Rxh7
Rd8 40. Rhd7 Re8 41. Rb6 c5 42. Rxa6 Rb8 43. b4 cxb4 44. axb4 Rc8 45. c4 Kf8
46. c5 Rb8 47. Raa7 Rxb4 48. Rd8# 1-0

[Event "Madrid ch veteranos 2008-2009"]
[Site "Madrid ESP"]
[Date "2009.02.13"]
[Round "5.12"]
[White "Ramos Orea, Tomas"]
[Black "Ortega Morales, Pedro"]
[Result "0-1"]
[WhiteElo "1786"]
[BlackElo "1892"]
[PlyCount "64"]
[EventDate "2009.02.09"]
[EventType "swiss"]
[EventRounds "9"]
[EventCountry "ESP"]
[Source "lmi"]
[SourceDate "2009.02.09"]

1. e4 e5 2. Nc3 Nf6 3. g3 Bb4 4. Bg2 d6 5. Nge2 Nc6 6. O-O Bg4 7. h3 Be6 8. d3
Qd7 9. Kh2 h6 10. f4 Bxc3 11. bxc3 Qd8 12. Be3 Nh7 13. d4 Bc4 14. Rf2 b6 15.
Ng1 Nf6 16. Qf3 h5 17. Qd1 Qe7 18. Ne2 O-O-O 19. d5 Na5 20. Qb1 exf4 21. Nxf4
Nxe4 22. Bxe4 Qxe4 23. Qe1 Bxd5 24. Qd2 Bb7 25. Re1 Rde8 26. Ng2 Nc4 27. Qc1
Qc6 28. Bd4 Rxe1 29. Qxe1 Re8 30. Qc1 f6 31. Qf4 Qe4 32. Qc1 c5 0-1

[Event "Madrid ch veteranos 2008-2009"]
[Site "Madrid ESP"]
[Date "2009.02.13"]
[Round "5.13"]
[White "Alfageme Sanchez, Jesus"]
[Black "Gonzalez Cespedes, Manuel"]
[Result "1/2-1/2"]
[WhiteElo "1876"]
[BlackElo "1836"]
[PlyCount "127"]
[EventDate "2009.02.09"]
[EventType "swiss"]
[EventRounds "9"]
[EventCountry "ESP"]
[Source "lmi"]
[SourceDate "2009.02.09"]

1. e4 e5 2. Bc4 Bc5 3. Nf3 Nc6 4. c3 Nf6 5. O-O d6 6. d4 exd4 7. cxd4 Bb6 8. d5
Ne5 9. Nxe5 dxe5 10. Nc3 a6 11. Bg5 O-O 12. h3 Bc5 13. Bh4 Be7 14. Bg3 Bd6 15.
Bd3 Nd7 16. Ne2 Nc5 17. Bc2 f5 18. f4 exf4 19. Bxf4 Nxe4 20. Bxe4 fxe4 21. Qd4
Qe7 22. Bxd6 Qxd6 23. Qxe4 Bd7 24. Nc3 Rae8 25. Qd3 Qc5+ 26. Kh1 b5 27. Rac1
Rxf1+ 28. Qxf1 Qe3 29. Nb1 Rf8 30. Qg1 Qxg1+ 31. Kxg1 Rc8 32. Nc3 c5 33. dxc6
Rxc6 34. Rd1 Be8 35. a3 Kf7 36. Ne4 h6 37. b4 a5 38. Nd6+ Ke7 39. Nxb5 axb4 40.
axb4 Rb6 41. Nd4 Bd7 42. Rb1 Kd6 43. Kf2 Kd5 44. Ke3 g5 45. Nf3 Re6+ 46. Kf2
Bb5 47. Kg3 Re3 48. Re1 Rxe1 49. Nxe1 Kc4 50. Kg4 Be8 51. Kf5 Kxb4 52. Nf3 Kc5
53. Kf6 Bd7 54. Kg6 g4 55. hxg4 Bxg4 56. Kxh6 Kd5 57. Kg5 Bc8 58. Kf4 Ke6 59.
Nd4+ Kf6 60. g3 Kg6 61. Nf3 Be6 62. Ng5 Bc8 63. Ne4 Bd7 64. Ke5 1/2-1/2

[Event "Madrid ch veteranos 2008-2009"]
[Site "Madrid ESP"]
[Date "2009.02.13"]
[Round "5.14"]
[White "Pascual Perdiguero, Jose Maria"]
[Black "Hernandez Del Can, Jose"]
[Result "1-0"]
[WhiteElo "1873"]
[BlackElo "1848"]
[PlyCount "67"]
[EventDate "2009.02.09"]
[EventType "swiss"]
[EventRounds "9"]
[EventCountry "ESP"]
[Source "lmi"]
[SourceDate "2009.02.09"]

1. c4 Nf6 2. Nf3 g6 3. g3 Bg7 4. Bg2 c6 5. Nc3 O-O 6. O-O d5 7. cxd5 Nxd5 8. e4
Nxc3 9. bxc3 Qa5 10. Qc2 Bg4 11. h3 Bxf3 12. Bxf3 e5 13. d3 Na6 14. Be3 Qc7 15.
Rab1 b6 16. Qa4 Qb7 17. c4 Rfd8 18. c5 b5 19. Qc2 Nc7 20. h4 h5 21. g4 Ne6 22.
gxh5 Nd4 23. Bxd4 Rxd4 24. hxg6 fxg6 25. Bg4 Re8 26. h5 Qe7 27. hxg6 Qg5 28.
Qb3+ Kh8 29. f3 Qe3+ 30. Kg2 Qd2+ 31. Rf2 Qg5 32. Rh1+ Bh6 33. Qf7 Re7 34. Qf8#
1-0

[Event "Madrid ch veteranos 2008-2009"]
[Site "Madrid ESP"]
[Date "2009.02.13"]
[Round "5.15"]
[White "Rodriguez Lopez-Cañizares, Francisco"]
[Black "Diaz Begonte, Manuel"]
[Result "1/2-1/2"]
[WhiteElo "1693"]
[BlackElo "1761"]
[PlyCount "62"]
[EventDate "2009.02.09"]
[EventType "swiss"]
[EventRounds "9"]
[EventCountry "ESP"]
[Source "lmi"]
[SourceDate "2009.02.09"]

1. e4 d6 2. f4 g6 3. Nf3 d5 4. exd5 Qxd5 5. Nc3 Qe6+ 6. Qe2 c6 7. Qxe6 Bxe6 8.
Be2 Bg7 9. O-O Nh6 10. Ne4 Nd7 11. d4 Nf5 12. c3 h5 13. Nfg5 Bd5 14. Nf2 c5 15.
dxc5 Nxc5 16. Bf3 Rd8 17. Rd1 f6 18. Rxd5 Rxd5 19. Bxd5 fxg5 20. fxg5 e6 21.
Bc4 Ke7 22. Nd3 Nxd3 23. Bxd3 Rd8 24. Be2 a6 25. Kf2 Be5 26. Kg1 Bc7 27. b4
Bb6+ 28. Kf1 Ne3+ 29. Bxe3 Bxe3 30. h4 Bd2 31. a3 Bxc3 1/2-1/2

[Event "Madrid ch veteranos 2008-2009"]
[Site "Madrid ESP"]
[Date "2009.02.13"]
[Round "5.16"]
[White "Fernandez Martinez, Jose"]
[Black "Vicario Ramirez, Celestino"]
[Result "1-0"]
[WhiteElo "1775"]
[BlackElo "1607"]
[PlyCount "53"]
[EventDate "2009.02.09"]
[EventType "swiss"]
[EventRounds "9"]
[EventCountry "ESP"]
[Source "lmi"]
[SourceDate "2009.02.09"]

1. d4 Nf6 2. c4 e6 3. Nf3 c5 4. d5 exd5 5. e3 dxc4 6. Bxc4 d5 7. Bb3 Be7 8. Nc3
c4 9. Bc2 Bg4 10. h3 Bh5 11. O-O O-O 12. g4 Nxg4 13. hxg4 Bxg4 14. Qxd5 Qxd5
15. Nxd5 Nc6 16. Nxe7+ Nxe7 17. Nd4 Rad8 18. Be4 Bc8 19. Bd2 f5 20. Bg2 Rf7 21.
Bb4 Nd5 22. Ba3 g5 23. Rad1 g4 24. Nb5 Be6 25. Nd6 Rfd7 26. Bxd5 Rxd6 27. Bxe6+
1-0

[Event "Madrid ch veteranos 2008-2009"]
[Site "Madrid ESP"]
[Date "2009.02.13"]
[Round "5.20"]
[White "Zamora Pastora, Roger"]
[Black "Aburto Renobales, Rafael"]
[Result "0-1"]
[WhiteElo "1601"]
[BlackElo "1534"]
[PlyCount "90"]
[EventDate "2009.02.09"]
[EventType "swiss"]
[EventRounds "9"]
[EventCountry "ESP"]
[Source "lmi"]
[SourceDate "2009.02.09"]

1. e4 c5 2. Nf3 d6 3. d4 cxd4 4. Nxd4 a6 5. Bc4 e6 6. O-O Nf6 7. Nc3 Be7 8. h3
b5 9. Bd3 Bb7 10. a3 Nbd7 11. b4 Qc7 12. Bb2 Ne5 13. Be2 Nxe4 14. Nxe4 Bxe4 15.
c3 Bd5 16. f4 Nc4 17. Bxc4 Bxc4 18. Re1 Bh4 19. Re3 O-O 20. Qg4 Bf2+ 21. Kxf2
f5 22. Qd1 Rf6 23. g3 Bd5 24. Nf3 Rh6 25. h4 Qf7 26. Ng5 Qf6 27. Rxe6 Bxe6 28.
Nxe6 Qxe6 29. Qf3 Re8 30. Rd1 Qb3 31. Qd5+ Qxd5 32. Rxd5 Rhe6 33. Rd2 h6 34. h5
g6 35. hxg6 Rxg6 36. Rd5 Rge6 37. Rd2 R8e7 38. Rc2 Kf7 39. Rd2 Kg6 40. Rc2 Kh5
41. a4 Kg4 42. Bc1 Re1 43. axb5 axb5 44. Bb2 Rh1 45. Kg2 Ree1 0-1

[Event "Madrid ch veteranos 2008-2009"]
[Site "Madrid ESP"]
[Date "2009.02.16"]
[Round "6.1"]
[White "Campos Calvo-Sotelo, Juan"]
[Black "Ciuro Munoz, Ricardo"]
[Result "0-1"]
[WhiteElo "2057"]
[BlackElo "2071"]
[PlyCount "104"]
[EventDate "2009.02.09"]
[EventType "swiss"]
[EventRounds "9"]
[EventCountry "ESP"]
[Source "lmi"]
[SourceDate "2009.02.09"]

1. b4 d5 2. e3 Bf5 3. Bb2 Nf6 4. f4 e6 5. b5 c5 6. bxc6 Nxc6 7. Nf3 Be7 8. Be2
O-O 9. O-O Rc8 10. Nc3 d4 11. exd4 Nxd4 12. Nxd4 Qxd4+ 13. Kh1 Ne4 14. g4 Nxc3
15. Bxc3 Be4+ 16. Bf3 Qd5 17. g5 Rfd8 18. Qe2 Bxf3+ 19. Qxf3 Qxf3+ 20. Rxf3 g6
21. Rb1 b6 22. Kg2 Bc5 23. Kf1 Bd4 24. Ke2 Bxc3 25. dxc3 Rd5 26. Rb4 Rcd8 27.
Rd3 e5 28. h4 Kg7 29. Ke3 exf4+ 30. Rxf4 Re5+ 31. Kd2 Rde8 32. Rd7 R8e7 33.
Rxe7 Rxe7 34. a4 h6 35. Kd3 hxg5 36. hxg5 Re5 37. Rg4 Kf8 38. Kd4 Ra5 39. Ke3
Ke7 40. Re4+ Kf8 41. Rg4 Rc5 42. Kd4 Ke7 43. Re4+ Kd6 44. Rg4 Ra5 45. Ke3 Ke6
46. Ke2 Kf5 47. Kf3 Rc5 48. Rf4+ Kxg5 49. Rxf7 Rf5+ 50. Rxf5+ Kxf5 51. c4 Ke5
52. c5 bxc5 0-1

[Event "Madrid ch veteranos 2008-2009"]
[Site "Madrid ESP"]
[Date "2009.02.16"]
[Round "6.2"]
[White "Garcia Gutierrez, Jose"]
[Black "Perez Cameselle, Francisco"]
[Result "1-0"]
[WhiteElo "2060"]
[BlackElo "1996"]
[PlyCount "91"]
[EventDate "2009.02.09"]
[EventType "swiss"]
[EventRounds "9"]
[EventCountry "ESP"]
[Source "lmi"]
[SourceDate "2009.02.09"]

1. e4 g6 2. d4 d6 3. Nc3 Bg7 4. f4 c6 5. Nf3 d5 6. e5 Bg4 7. Bd3 e6 8. Be3 h5
9. Qd2 Bxf3 10. gxf3 Nd7 11. Rg1 Bh6 12. O-O-O Qa5 13. Kb1 Ne7 14. Qf2 O-O-O
15. Bd2 Qc7 16. Rc1 b5 17. Bxb5 Qb6 18. Bd3 Nf5 19. Ne2 Nxe5 20. Rcd1 Nxd3 21.
cxd3 Bg7 22. Bc3 Kd7 23. Rg2 Rb8 24. Rd2 Rb7 25. Rg1 a5 26. Rc1 a4 27. Ka1 Rhb8
28. Qg1 Bh6 29. Rdc2 Qb5 30. Rd1 a3 31. b3 Bg7 32. Ng3 Re8 33. Re2 Nxg3 34.
hxg3 c5 35. Rc2 cxd4 36. Bxd4 Bxd4+ 37. Qxd4 Rc8 38. Rxc8 Kxc8 39. Qh8+ Kc7 40.
Rc1+ Kb6 41. Qd4+ Ka6 42. Rc5 Qd7 43. Qc3 Ka7 44. Rc8 Qb5 45. Qd4+ Qb6 46. Qa4+
1-0

[Event "Madrid ch veteranos 2008-2009"]
[Site "Madrid ESP"]
[Date "2009.02.16"]
[Round "6.3"]
[White "Lopez Heras, Arturo"]
[Black "Fuentes Arjona, Antonio"]
[Result "1/2-1/2"]
[WhiteElo "1943"]
[BlackElo "2043"]
[PlyCount "98"]
[EventDate "2009.02.09"]
[EventType "swiss"]
[EventRounds "9"]
[EventCountry "ESP"]
[Source "lmi"]
[SourceDate "2009.02.09"]

1. e4 c5 2. Nf3 Nc6 3. d4 cxd4 4. Nxd4 g6 5. Be3 Bg7 6. Nc3 Nf6 7. f3 O-O 8.
Qd2 d5 9. exd5 Nxd5 10. Nxc6 bxc6 11. Bd4 Qa5 12. Bxg7 Kxg7 13. Ne4 Qb6 14. c4
Qe3+ 15. Be2 Qxd2+ 16. Kxd2 Nf4 17. Rhg1 Bf5 18. Ke3 e5 19. Nd6 Be6 20. g3 Nxe2
21. Kxe2 Rfd8 22. Rgd1 f5 23. b3 Rd7 24. Rd2 Kf6 25. Rad1 Ke7 26. c5 Rh8 27.
Ke3 Bd5 28. f4 exf4+ 29. Kxf4 Kf6 30. Ke3 Re7+ 31. Kf2 g5 32. Rd4 a5 33. Ra4
Ra7 34. Rad4 Ke5 35. Ke3 Rf8 36. Nc4+ Bxc4 37. Rxc4 Rf6 38. Rd8 Re6 39. Rcd4
Rae7 40. R4d6 h6 41. h3 Rxd6 42. cxd6 Re6 43. d7 Kd6+ 44. Kf3 Ke7 45. Ra8 Rd6
46. Rxa5 Rd3+ 47. Kf2 Kxd7 48. b4 f4 49. gxf4 gxf4 1/2-1/2

[Event "Madrid ch veteranos 2008-2009"]
[Site "Madrid ESP"]
[Date "2009.02.16"]
[Round "6.4"]
[White "Estrada Martinez, Cesar"]
[Black "Rodriguez Bachiller, Luis"]
[Result "1-0"]
[WhiteElo "2238"]
[BlackElo "1888"]
[PlyCount "83"]
[EventDate "2009.02.09"]
[EventType "swiss"]
[EventRounds "9"]
[EventCountry "ESP"]
[Source "lmi"]
[SourceDate "2009.02.09"]

1. Nf3 c5 2. g3 Nc6 3. Bg2 Nf6 4. O-O g6 5. c4 Bg7 6. d4 cxd4 7. Nxd4 O-O 8.
Nc3 Nxd4 9. Qxd4 d6 10. Qh4 Qb6 11. b3 Bd7 12. Bh6 Bc6 13. Bxg7 Kxg7 14. e4 Qd4
15. Rac1 Qe5 16. Rfd1 h5 17. Qf4 Nd7 18. Qxe5+ Nxe5 19. f4 Ng4 20. Rd3 f6 21.
h3 Nh6 22. Nd5 Bxd5 23. cxd5 Rfc8 24. Rdc3 Rxc3 25. Rxc3 Kf7 26. Rc7 Rb8 27.
Bf1 a6 28. b4 Kf8 29. Kf2 Ke8 30. b5 axb5 31. Bxb5+ Kf8 32. Ke3 Nf7 33. Kd4 Nd8
34. e5 fxe5+ 35. fxe5 Nf7 36. e6 Ne5 37. Ke4 g5 38. Kf5 Nf3 39. Kg6 h4 40. g4
b6 41. a4 Ng1 42. Rc3 1-0

[Event "Madrid ch veteranos 2008-2009"]
[Site "Madrid ESP"]
[Date "2009.02.16"]
[Round "6.5"]
[White "Pardinas Riano, Emilio"]
[Black "Gabriel y Galan Acevedo, Jesus"]
[Result "1/2-1/2"]
[WhiteElo "1866"]
[BlackElo "1994"]
[PlyCount "31"]
[EventDate "2009.02.09"]
[EventType "swiss"]
[EventRounds "9"]
[EventCountry "ESP"]
[Source "lmi"]
[SourceDate "2009.02.09"]

1. d4 d5 2. c4 e6 3. Nc3 Nf6 4. Nf3 c6 5. Bg5 Be7 6. e3 Nbd7 7. Bd3 O-O 8. O-O
h6 9. Bh4 Qc7 10. Rc1 dxc4 11. Bxc4 Nb6 12. Bd3 Nbd5 13. a3 Nh7 14. Bxe7 Qxe7
15. Re1 Ng5 16. Be2 1/2-1/2

[Event "Madrid ch veteranos 2008-2009"]
[Site "Madrid ESP"]
[Date "2009.02.16"]
[Round "6.6"]
[White "Ortega Morales, Pedro"]
[Black "Garcia Esteban, Ignacio"]
[Result "0-1"]
[WhiteElo "1892"]
[BlackElo "2072"]
[PlyCount "92"]
[EventDate "2009.02.09"]
[EventType "swiss"]
[EventRounds "9"]
[EventCountry "ESP"]
[Source "lmi"]
[SourceDate "2009.02.09"]

1. d4 Nf6 2. Bf4 g6 3. e3 Bg7 4. Nf3 d6 5. Be2 O-O 6. O-O Nh5 7. Bg5 Nf6 8. h3
c6 9. c3 Qb6 10. Qb3 Qxb3 11. axb3 Bf5 12. Nbd2 Nbd7 13. b4 h6 14. Bf4 Ne4 15.
Nxe4 Bxe4 16. Nd2 Bf5 17. e4 Be6 18. b5 Nb6 19. Bg3 f5 20. f3 f4 21. Bf2 Bd7
22. bxc6 bxc6 23. Ra3 Rfc8 24. Rfa1 Rc7 25. d5 c5 26. Nb3 e6 27. Ra6 Nc8 28.
Bc4 e5 29. R6a2 Nb6 30. Nd2 Bf8 31. b4 Nxc4 32. Nxc4 Bb5 33. Na3 Bd3 34. bxc5
dxc5 35. c4 Rb7 36. Rc1 Rb3 37. Be1 a6 38. Rc3 Rab8 39. Nc2 Rxc3 40. Bxc3 Bxc4
41. Ra1 Bd6 42. Na3 Bd3 43. Ra2 Rb3 44. Ba5 c4 45. Nc2 c3 46. Ne1 Bb1 0-1

[Event "Madrid ch veteranos 2008-2009"]
[Site "Madrid ESP"]
[Date "2009.02.16"]
[Round "6.7"]
[White "Olano Lanchas, Dionisio"]
[Black "Pardo Robles, Jose Manuel"]
[Result "1-0"]
[WhiteElo "1838"]
[BlackElo "1946"]
[PlyCount "87"]
[EventDate "2009.02.09"]
[EventType "swiss"]
[EventRounds "9"]
[EventCountry "ESP"]
[Source "lmi"]
[SourceDate "2009.02.09"]

1. e4 e6 2. d4 d5 3. Bd3 dxe4 4. Bxe4 Nf6 5. Bg5 Be7 6. Bf3 c5 7. Ne2 cxd4 8.
Qxd4 O-O 9. O-O Nd5 10. Bxe7 Nxe7 11. Qb4 Nbc6 12. Qe4 b6 13. Nbc3 Bb7 14. Rfd1
Qc8 15. Nb5 Na5 16. Qb4 Bxf3 17. gxf3 Nd5 18. Qa4 a6 19. Nbc3 Nxc3 20. Nxc3 Nc4
21. Qb3 b5 22. Ne4 Rd8 23. c3 Ne5 24. Kg2 Rxd1 25. Rxd1 Qc7 26. Rd4 Rd8 27. Qd1
Rxd4 28. Qxd4 Ng6 29. Qd6 Nh4+ 30. Kh3 Qxd6 31. Nxd6 Nxf3 32. Kg3 Nd2 33. Kf4
Kf8 34. b3 Ke7 35. Ne4 Nxe4 36. Kxe4 Kd6 37. Kd4 f5 38. f4 h6 39. h4 g6 40. c4
bxc4 41. bxc4 g5 42. c5+ Kc6 43. fxg5 hxg5 44. h5 1-0

[Event "Madrid ch veteranos 2008-2009"]
[Site "Madrid ESP"]
[Date "2009.02.16"]
[Round "6.8"]
[White "Lastras Hernandez, Tomas"]
[Black "Garcia Lopez, Pedro"]
[Result "1-0"]
[WhiteElo "1936"]
[BlackElo "1854"]
[PlyCount "65"]
[EventDate "2009.02.09"]
[EventType "swiss"]
[EventRounds "9"]
[EventCountry "ESP"]
[Source "lmi"]
[SourceDate "2009.02.09"]

1. d4 Nf6 2. c4 c6 3. Nc3 a6 4. e4 d6 5. Nf3 b5 6. Bd3 g6 7. O-O Bg7 8. h3 Be6
9. d5 Bd7 10. Qc2 O-O 11. Bf4 Nh5 12. Bh2 b4 13. Ne2 c5 14. e5 dxe5 15. Nxe5 f5
16. Rae1 a5 17. Nf4 Nxf4 18. Bxf4 a4 19. Bg5 Bf6 20. Bh6 Bg7 21. Bxg7 Kxg7 22.
Qe2 Re8 23. Qe3 Qc7 24. Qg5 Bc8 25. g4 Nd7 26. Nxd7 Qxd7 27. gxf5 Ra6 28. Re3
h6 29. Qg3 g5 30. f4 Qc7 31. Re5 Kf6 32. fxg5+ hxg5 33. Re6+ 1-0

[Event "Madrid ch veteranos 2008-2009"]
[Site "Madrid ESP"]
[Date "2009.02.16"]
[Round "6.9"]
[White "Alfageme Sanchez, Jesus"]
[Black "Corredor Gonzalez, Angel L"]
[Result "1/2-1/2"]
[WhiteElo "1876"]
[BlackElo "1800"]
[PlyCount "61"]
[EventDate "2009.02.09"]
[EventType "swiss"]
[EventRounds "9"]
[EventCountry "ESP"]
[Source "lmi"]
[SourceDate "2009.02.09"]

1. e4 e5 2. Bc4 Bc5 3. Nf3 Nc6 4. c3 d6 5. O-O Nf6 6. d4 exd4 7. cxd4 Bb6 8.
Nc3 O-O 9. Bg5 h6 10. Bh4 Bg4 11. Nd5 Bxd4 12. Qb3 Bxf3 13. Qxf3 g5 14. Bg3 Nd7
15. Rad1 Nde5 16. Nf6+ Kg7 17. Nh5+ Kh8 18. Bxe5+ Bxe5 19. Bd5 Qe7 20. Ng3 Nd4
21. Qh5 Qf6 22. Rd3 c6 23. Bb3 Nxb3 24. Rxb3 b6 25. Nf5 Kh7 26. Rh3 Rh8 27.
Nxh6 Kg7 28. Nf5+ Kf8 29. Qxh8+ Qxh8 30. Rxh8+ Bxh8 31. b3 1/2-1/2

[Event "Madrid ch veteranos 2008-2009"]
[Site "Madrid ESP"]
[Date "2009.02.16"]
[Round "6.10"]
[White "Leniz Martinez, Francisco"]
[Black "Beekhof Harmsen, Willen"]
[Result "1-0"]
[WhiteElo "1847"]
[BlackElo "1942"]
[PlyCount "114"]
[EventDate "2009.02.09"]
[EventType "swiss"]
[EventRounds "9"]
[EventCountry "ESP"]
[Source "lmi"]
[SourceDate "2009.02.09"]

1. Nf3 g6 2. g3 Bg7 3. d4 d6 4. Bg2 c5 5. c3 cxd4 6. cxd4 Qa5+ 7. Qd2 Qh5 8.
Qg5 Qxg5 9. Bxg5 Nc6 10. Be3 Nb4 11. Na3 a6 12. O-O Nf6 13. h3 Be6 14. b3 Rc8
15. Bd2 Nc6 16. e3 Ne4 17. Rfd1 O-O 18. Be1 Bd7 19. Rac1 b5 20. Nb1 b4 21. Nbd2
Nxd2 22. Nxd2 e5 23. d5 Na7 24. Nc4 f5 25. Bxb4 e4 26. Bxd6 Rf7 27. Ne5 Bxe5
28. Bxe5 Bb5 29. Rxc8+ Nxc8 30. Bf1 Rd7 31. Bc4 Nb6 32. Bxb5 axb5 33. d6 Kf7
34. Rc1 Ke6 35. Bf4 Nd5 36. g4 Nxf4 37. exf4 Rxd6 38. Rc2 h6 39. Kf1 Rd3 40.
Rc6+ Rd6 41. Rc5 Rd5 42. Rc6+ Rd6 43. gxf5+ gxf5 44. Rxd6+ Kxd6 45. a3 Kc5 46.
Ke2 Kd4 47. Kd2 Kd5 48. Ke3 Kc5 49. Kd2 Kd4 50. Kc2 e3 51. fxe3+ Kxe3 52. a4
bxa4 53. bxa4 Kxf4 54. a5 Kg3 55. a6 f4 56. a7 f3 57. a8=Q f2 1-0

[Event "Madrid ch veteranos 2008-2009"]
[Site "Madrid ESP"]
[Date "2009.02.16"]
[Round "6.11"]
[White "Gonzalo Gonzalez, Francisco"]
[Black "Pascual Perdiguero, Jose Maria"]
[Result "1-0"]
[WhiteElo "1853"]
[BlackElo "1873"]
[PlyCount "107"]
[EventDate "2009.02.09"]
[EventType "swiss"]
[EventRounds "9"]
[EventCountry "ESP"]
[Source "lmi"]
[SourceDate "2009.02.09"]

1. e4 e6 2. Nc3 d5 3. exd5 exd5 4. Qe2+ Be7 5. g3 Nf6 6. Bg2 O-O 7. Nf3 Bf5 8.
O-O Bxc2 9. d3 d4 10. Nxd4 Qxd4 11. Bxb7 Bxd3 12. Qd2 Rd8 13. Re1 Bc5 14. Bxa8
Ng4 15. Ne4 Bxe4 16. Qxd4 Bxd4 17. Rxe4 f5 18. Rf4 g6 19. a4 c6 20. Rb1 Ne5 21.
Be3 Bxe3 22. fxe3 Nbd7 23. Bb7 Nc5 24. Bxc6 Nxc6 25. Rc4 Rd5 26. Rbc1 Nd3 27.
Rxc6 Nxc1 28. Rxc1 a5 29. Rc2 h6 30. Kf2 Kf7 31. Ke2 Ke6 32. Rc6+ Kf7 33. Rb6
Rd7 34. Rb5 Ra7 35. Kd3 Ra6 36. Kc4 Ke6 37. Rc5 Rb6 38. b3 Kd6 39. Rxa5 Rc6+
40. Kd3 Rb6 41. Kc3 h5 42. b4 Rc6+ 43. Kd3 Kc7 44. b5 Rd6+ 45. Ke2 g5 46. Ra7+
Kb8 47. Rh7 f4 48. Rxh5 fxe3 49. Kxe3 g4 50. Rg5 Rh6 51. a5 Rxh2 52. Rxg4 Ra2
53. a6 Ra5 54. Rg5 1-0

[Event "Madrid ch veteranos 2008-2009"]
[Site "Madrid ESP"]
[Date "2009.02.16"]
[Round "6.12"]
[White "Gonzalez Cespedes, Manuel"]
[Black "Alvarez Escudero, Manuel"]
[Result "1/2-1/2"]
[WhiteElo "1836"]
[BlackElo "1935"]
[PlyCount "65"]
[EventDate "2009.02.09"]
[EventType "swiss"]
[EventRounds "9"]
[EventCountry "ESP"]
[Source "lmi"]
[SourceDate "2009.02.09"]

1. d4 d5 2. c4 e6 3. Nc3 c6 4. cxd5 exd5 5. Bf4 Bd6 6. Bxd6 Qxd6 7. Nf3 Nf6 8.
e3 Bg4 9. Be2 O-O 10. O-O Re8 11. Rc1 Nbd7 12. a3 Re7 13. h3 Bxf3 14. Bxf3 Rae8
15. g4 h6 16. Bg2 Nh7 17. Re1 Ng5 18. h4 Ne4 19. Nxe4 dxe4 20. Qe2 Qf6 21. h5
Qh4 22. f3 exf3 23. Bxf3 Qg3+ 24. Qg2 Qxg2+ 25. Kxg2 Rxe3 26. Kf2 Rxe1 27. Rxe1
Rxe1 28. Kxe1 Nb6 29. Kd2 f6 30. Kd3 Kf7 31. Be4 Ke6 32. Bf5+ Kd6 33. b3
1/2-1/2

[Event "Madrid ch veteranos 2008-2009"]
[Site "Madrid ESP"]
[Date "2009.02.16"]
[Round "6.13"]
[White "Rodriguez Perez, Rene"]
[Black "Martinez Miura, Enrique"]
[Result "1-0"]
[WhiteElo "2067"]
[BlackElo "1735"]
[PlyCount "84"]
[EventDate "2009.02.09"]
[EventType "swiss"]
[EventRounds "9"]
[EventCountry "ESP"]
[Source "lmi"]
[SourceDate "2009.02.09"]

1. e4 e6 2. d4 d5 3. Bd3 dxe4 4. Bxe4 Nf6 5. Bf3 Be7 6. Ne2 O-O 7. O-O c6 8. c4
Nbd7 9. Bf4 Re8 10. Nbc3 Nb6 11. b3 h6 12. h3 a5 13. a4 Bf8 14. Qc2 Nbd7 15.
Rad1 Qb6 16. c5 Qd8 17. Rfe1 Nd5 18. Nxd5 exd5 19. Ng3 Nf6 20. Rxe8 Qxe8 21.
Bc7 Be6 22. Qc3 Qd7 23. Bxa5 Nh7 24. Bb6 Be7 25. Re1 Bh4 26. Bd1 Ng5 27. Bc2 f5
28. Ne2 Ne4 29. Bxe4 fxe4 30. Ng3 Rf8 31. Ba5 Qf7 32. Qe3 Qg6 33. Bc7 Bg5 34.
f4 Bh4 35. Kh2 Bxg3+ 36. Qxg3 Qxg3+ 37. Kxg3 Rc8 38. Bd6 Kf7 39. Kf2 Rg8 40. g4
Bd7 41. Kg3 g6 42. Be5 Rb8 1-0

[Event "Madrid ch veteranos 2008-2009"]
[Site "Madrid ESP"]
[Date "2009.02.16"]
[Round "6.14"]
[White "Fernandez Garcia, Ignacio"]
[Black "Rodriguez Lopez-Cañizares, Francisco"]
[Result "1-0"]
[WhiteElo "1973"]
[BlackElo "1693"]
[PlyCount "61"]
[EventDate "2009.02.09"]
[EventType "swiss"]
[EventRounds "9"]
[EventCountry "ESP"]
[Source "lmi"]
[SourceDate "2009.02.09"]

1. e4 Nf6 2. e5 Nd5 3. d4 d6 4. f4 dxe5 5. fxe5 e6 6. Nf3 Nc6 7. a3 Be7 8. Bd3
O-O 9. O-O f5 10. c4 Nb6 11. Be3 Bd7 12. Nc3 a6 13. d5 exd5 14. cxd5 Na7 15.
Bxb6 cxb6 16. d6 Bg5 17. Bc4+ Kh8 18. e6 b5 19. Ba2 Bc6 20. Ne5 Qb6+ 21. Kh1 h6
22. Ng6+ Kh7 23. Nxf8+ Rxf8 24. e7 Re8 25. Rxf5 Bxe7 26. dxe7 Rxe7 27. Nd5 Bxd5
28. Rxd5 Nc6 29. Qd3+ Kh8 30. Rf1 Re8 31. Bb1 1-0

[Event "Madrid ch veteranos 2008-2009"]
[Site "Madrid ESP"]
[Date "2009.02.16"]
[Round "6.15"]
[White "Hernandez Del Can, Jose"]
[Black "Fernandez Martinez, Jose"]
[Result "0-1"]
[WhiteElo "1848"]
[BlackElo "1775"]
[PlyCount "68"]
[EventDate "2009.02.09"]
[EventType "swiss"]
[EventRounds "9"]
[EventCountry "ESP"]
[Source "lmi"]
[SourceDate "2009.02.09"]

1. c4 Nf6 2. Nc3 e6 3. d4 Bb4 4. Bd2 O-O 5. Nf3 d5 6. e3 c6 7. Be2 Nbd7 8. a3
Bd6 9. cxd5 exd5 10. O-O Re8 11. Qc2 Ne4 12. Rfd1 Ndf6 13. h3 Nxd2 14. Nxd2 Qe7
15. Bf3 Be6 16. e4 dxe4 17. Ndxe4 Bf5 18. Nxf6+ Qxf6 19. Qd2 Qg6 20. Kf1 Bc7
21. Be2 Qd6 22. f4 Rad8 23. Bc4 Bb6 24. Ne2 Re4 25. Ng3 Rxd4 26. Nxf5 Rxd2 27.
Nxd6 R2xd6 28. Rxd6 Rxd6 29. Re1 Kf8 30. g4 Rd4 31. b3 Rxf4+ 32. Kg2 Rf2+ 33.
Kg3 Ra2 34. a4 Bf2+ 0-1